Poistný trh
Rozvoj poistného trhu v SR. Zákony významné pre poisťovníctvo. Vznik samostatnej Slovenskej asociácie poisťovní (1.1.1994) a 27 komerčných poisťovní. Poistné služby - služby poistnej ochrany. Vytvorenie legislatívnych predpokladov pre začlenenie do poistného trhu Európskej únie. Novela zákona o pois...
Gespeichert in:
| 1. Verfasser: | |
|---|---|
| Format: | Buchkapitel |
| Sprache: | Slowakisch Englisch |
| Schlagworte: | |
| Tags: |
Keine Tags, Fügen Sie das erste Tag hinzu!
|
MARC
| LEADER | 00000naa a2200000 4500 | ||
|---|---|---|---|
| 001 | r038071 | ||
| 005 | 20221128114029.7 | ||
| 041 | 0 | |a slo | |
| 041 | 0 | |a eng | |
| 044 | |a SK | ||
| 245 | 1 | 0 | |a Poistný trh |c Barbora Drugdová |
| 520 | |a Rozvoj poistného trhu v SR. Zákony významné pre poisťovníctvo. Vznik samostatnej Slovenskej asociácie poisťovní (1.1.1994) a 27 komerčných poisťovní. Poistné služby - služby poistnej ochrany. Vytvorenie legislatívnych predpokladov pre začlenenie do poistného trhu Európskej únie. Novela zákona o poisťovníctve by mala byť v súlade s požiadavkami OECD. | ||
| 610 | 2 | 0 | |a trh poistný |
| 610 | 2 | 0 | |a poisťovníctvo |
| 610 | 2 | 0 | |a Slovensko |
| 610 | 2 | 0 | |a zákony |
| 610 | 2 | 0 | |a legislatíva |
| 610 | 2 | 0 | |a poisťovne |
| 610 | 2 | 0 | |a služby |
| 610 | 2 | 0 | |a Európska únia |
| 610 | 2 | 0 | |a OECD |
| 610 | 2 | 0 | |a ochrana poistná |
| 100 | 1 | |a Drugdová, Barbora | |